| 000 | 00529nam a2200193Ia 4500 | ||
|---|---|---|---|
| 008 | 131103s9999 xx 000 0 und d | ||
| 040 | _aLoreto College | ||
| 041 | _aEnglish | ||
| 082 |
_a891.43/BAI _bLCBED/7517 |
||
| 100 | _aBailey, T.Grahame | ||
| 245 |
_aTeach yourself Urdu _cT.Grahame Bailey; edited by J.R.Firth |
||
| 260 |
_aLondon _bEnglish University _c1960 |
||
| 300 |
_a314p. _c 19cm. |
||
| 504 | _aIncludes index | ||
| 650 | _aHindi | ||
| 700 | _aFirth, J.R.; ed. | ||
| 850 | _aLCBED/891.43/BAI | ||
| 942 | _cBK | ||
| 999 |
_c35285 _d85764 |
||